00671pam a2200193 a 4500008004100000010001700041020001500058050002400073100002000097240001900117245008900136246001900225260003300244300003900277600002000316610003200336700002000368856008900388980813s1998 nyua 000 0 eng  a 98041433  a078686455900aND237.M2458 A4 19981 aMarschall, Ken.10aArt of Titanic10aKen Marschall's art of Titanic /cforeword by James Cameron ; text by Rick Archbold.30aArt of Titanic aNew York :bHyperion,c1998. a159 p. :bcol. ill. ;c29 x 31 cm.10aMarschall, Ken.20aTitanic (Steamship) in art.1 aArchbold, Rick,423Publisher descriptionuhttp://www.loc.gov/catdir/enhancements/fy1309/98041433-d.html